Thematic review of national policies for education : stability pact for south eastern Europe. Table I. Task force on education. Bosnia and Herzegovina.

Guardado en:
Detalles Bibliográficos
Autores corporativos: Centre for Co-operation with non Members, Centre Pour la Cooperation Avec Les Non Menbres
Formato: Libro
Idioma:Inglés
Colección:(CCNM/DEELSA/ED ; 3)
Temas:
Etiquetas: Agrega una etiqueta
Sin etiquetas, Sé el primero en etiquetar este registro!

MARC

LEADER 00000nam^a2200000^u^4500
001 000533574
005 20250521000000.0
008 150706s10001000^^^^cr^^r^^^^^000^0^spa^d
009 20260310130936.588
035 |a FCE 000077822 
037 |a Acervo ITESO - Biblioteca 
041 |a eng 
082 0 4 |a 082.379  |b CCNM 3 
110 |a Centre for Co-operation with non Members 
245 1 0 |a Thematic review of national policies for education :  |b stability pact for south eastern Europe. Table I. Task force on education. Bosnia and Herzegovina. 
264 |a Paris :  |b OECD,  |c 2001. 
300 |a 47 p. 
336 |a texto  |b txt  |2 rdacontenido 
337 |a sin mediación  |b n  |2 rdamedio 
338 |a volumen  |b nc  |2 rdasoporte 
440 0 0 |a (CCNM/DEELSA/ED ; 3) 
649 |a XX 
650 |a Docentes 
650 |a Financiamiento educativo 
650 |a Sistema educativo 
650 |a Reforma educativa 
650 |a Política educativa 
650 |a Administración educativa 
650 |a Equidad educativa 
650 |a Evaluación educativa 
650 |a Currículo 
650 |a Bosnia 
710 |a Centre Pour la Cooperation Avec Les Non Menbres 
910 |a Fondo Centro de Estudios Educativos 
920 |a Impresos - Libros 
930 |a Fondos Especiales 
905 |a 133 
901 |a ALE074797  |b IT2  |c CEE  |u 20250521 
902 |a https://opac.biblio.iteso.mx/vufind/Record/000533574